Microeconomía Intermedia (Registro nro. 4496)
[ vista simple ]
| 000 -LEADER | |
|---|---|
| fixed length control field | 01054 a2200265 4500 |
| 001 - CONTROL NUMBER | |
| control field | 47929 |
| 005 - DATE AND TIME OF LATEST TRANSACTION | |
| control field | 20260407155745.0 |
| 008 - FIXED-LENGTH DATA ELEMENTS--GENERAL INFORMATION | |
| fixed length control field | 260407a2003 arg spa d |
| 003 - CONTROL NUMBER IDENTIFIER | |
| control field | AR-UNSa-BCEJYS |
| 040 ## - CATALOGING SOURCE | |
| Original cataloging agency | AR-UNSa-BCEJYS |
| Language of cataloging | spa |
| Transcribing agency | AR-UNSa-BCEJYS |
| 080 ## - UNIVERSAL DECIMAL CLASSIFICATION NUMBER | |
| Universal Decimal Classification number | 330.101.542 |
| Common auxiliary subdivision | Microeconomía |
| 020 ## - INTERNATIONAL STANDARD BOOK NUMBER | |
| International Standard Book Number | 84-481-3837-6 |
| 100 1# - MAIN ENTRY--PERSONAL NAME | |
| Personal name | Carrasco Pradas, Amparo |
| 245 10 - TITLE STATEMENT | |
| Title | Microeconomía Intermedia |
| Name of part/section of a work | problemas y cuestiones |
| 264 #1 - PRODUCTION, PUBLICATION, DISTRIBUTION, MANUFACTURE, AND COPYRIGHT NOTICE | |
| Place of production, publication, distribution, manufacture | Madrid : |
| Name of producer, publisher, distributor, manufacturer | McGraw-Hill |
| Date of production, publication, distribution, manufacture, or copyright notice | 2003 |
| 300 ## - PHYSICAL DESCRIPTION | |
| Extent | 518 p. |
| Dimensions | 24 cm. |
| 505 ## - FORMATTED CONTENTS NOTE | |
| Formatted contents note | 1. La teoría del consumidor - 2. Aplicaciones de la teoría del consumidor - 3. Producción, costes y empresa competitiva - 4. Mercados de competencia imperfecta - 5. Equilibrio general competitivo - |
| 590 ## - LOCAL NOTE (RLIN) | |
| Local note | niveau_biblio:m niveau_hierar:0 |
| 700 1# - ADDED ENTRY--PERSONAL NAME | |
| Personal name | De la Iglesa Villasol, Covadonga |
| 700 1# - ADDED ENTRY--PERSONAL NAME | |
| Personal name | Garcia Expósito, Esperanza |
| 700 1# - ADDED ENTRY--PERSONAL NAME | |
| Personal name | Huergo Orejas, Elena |
| 700 1# - ADDED ENTRY--PERSONAL NAME | |
| Personal name | Moreno Martín, Lourdes |
| 856 41 - ELECTRONIC LOCATION AND ACCESS | |
| Uniform Resource Identifier | <a href="https://www.biblioeco.unsa.edu.ar/pmb/images/libros/L128210.jpg">https://www.biblioeco.unsa.edu.ar/pmb/images/libros/L128210.jpg</a> |
| Link text | Imagen de portada |
| Electronic format type | image/jpeg |
| 942 ## - ADDED ENTRY ELEMENTS (KOHA) | |
| Koha item type | |
| Withdrawn status | Lost status | Damaged status | Not for loan | Home library | Current library | Shelving location | Date acquired | Total checkouts | Full call number | Barcode | Date last seen | Price effective from | Koha item type |
|---|---|---|---|---|---|---|---|---|---|---|---|---|---|
| Biblioteca Prof. Eusebio Cleto del Rey | Biblioteca Prof. Eusebio Cleto del Rey | 07/04/2026 | 330.101.542 M626 | L127704 | 07/04/2026 | 07/04/2026 | Libro | ||||||
| Biblioteca Prof. Eusebio Cleto del Rey | Biblioteca Prof. Eusebio Cleto del Rey | 07/04/2026 | 330.101.542 M626 | L128210 | 07/04/2026 | 07/04/2026 | Libro |